MFS, Micro Filtration System Micro and Ultrafiltration Technology for Laboratory and Process systems

Salvato in:
Dettagli Bibliografici
Natura: Libro
Lingua:Undetermined
Pubblicazione: USA 1989
Soggetti:
Tags: Aggiungi Tag
Nessun Tag, puoi essere il primo ad aggiungerne! !
Thư viện lưu trữ: Trung tâm Học liệu Trường Đại học Cần Thơ
LEADER 00469nam a2200157Ia 4500
001 CTU_23457
008 210402s9999 xx 000 0 und d
082 |a 010 
082 |b M019 
245 0 |a MFS, Micro Filtration System 
245 0 |b Micro and Ultrafiltration Technology for Laboratory and Process systems 
260 |a USA 
260 |c 1989 
650 |a production engineering 
904 |i Sáng, 980422 
980 |a Trung tâm Học liệu Trường Đại học Cần Thơ